000 00268nam a22001097a 4500
008 170120b xxu||||| |||| 00| 0 eng d
020 _a9781933107790
041 _aeng
080 _25TH
_a618.2
245 _aNURSING LEADERSHIP AND MANAGEMENT
_cKNIPPA, A
942 _2udc
_cBK
999 _c3253
_d3253